| 000 | 00518nam a2200181 4500 | ||
|---|---|---|---|
| 005 | 20260424160445.0 | ||
| 008 | 260424b |||||||| |||| 00| 0 eng d | ||
| 020 |
_a817012787 _qhbk |
||
| 041 | _aeng. | ||
| 082 | _a348.5404605 SUR | ||
| 100 | _aMalik,Surendra | ||
| 245 |
_aSupreme court yearly digest 2003 _c/Surendra Malik,Sumeet Malik |
||
| 250 | _a1st ed.reprint | ||
| 260 |
_aLucknow: _bEBC Publishers, _c2005. |
||
| 300 |
_acclxxxvi,3223p. _c;26cm. |
||
| 650 | _aLaws, regulations, cases | ||
| 942 | _cENGLISH | ||
| 999 |
_c619712 _d619712 |
||